000 01015nam a2200229Ia 4500
001 10317
003 GE_BSU
008 181216s||||||||xx |||||||||||||| ||und||
040 _cGE_BSU
080 _a821.353.1–1
100 _aტაბიძე,გალაქტიონ
245 _aქებათა ქება ნიკორწმინდას;გოგლა ლეონიძე–ნინოწმინდის ღამე:კრებული
245 _cშემდგ.ჯუმბერ ჯალაღონია;მხატვ.თარ ქანდარია;რედ.ალეკო გეგია
260 _aთბილისი
260 _bსაქ.რესპ–კა
260 _c1981
300 _a16გვ .20სმ.
653 _aგოგლა ლეონიძე–ნინოწმინდის ღამე
653 _aკრებული
653 _aქებათა ქება ნიკორწმინდას
942 _cBK
999 _c43583
_d43583